000 00193 a2200109 4500
020 _a84-7546-969-8
041 _aspa
100 _aDisney
245 _aLa Sirenita
942 _cBK
952 _74
999 _c24861
_d24861